Statystyki dla Kraje na literę A

Kliknij tutaj aby rozwiązać quiz!

Ogólne statystyki

  • Ten quiz został rozwiązany 2 737 razy
  • Średni wynik to 8 z 15

Statystyki odpowiedzi

KontynentOdpowiedź% Poprawnych
EuropaAlbania
87%
EuropaAndora
74%
OceniaAustralia
72%
EuropaAustria
69%
EuroazjaArmenia
67%
Ameryka PołudniowaArgentyna
66%
AzjaAfganistan
64%
AzjaAzerbejdżan
62%
AfrykaAlgieria
55%
AfrykaAngola
52%
AzjaArabia Saudyjska
45%
Ameryka ŚrodkowaAntigua I Barbuda
35%
Ameryka Środkowa (Państwo zależne)Aruba
13%
Ameryka Środkowa (Państwo zależne)Anguilla
7%
Ameryka Środkowa (Państwo zależne)Antyle Holenderskie
4%

Rozkład punktacji

Percentyl według liczby udzielonych odpowiedzi

Procent ludzi z każdym wynikiem

Twoja historia wyników

Nie rozwiązałeś tego quizu